[Event "Moscow-Open 2021_A"]
[Site "Moscow"]
[Date "2021.02.22"]
[Round "3.66"]
[White "Korelskiy, Egor"]
[Black "Finkelstein, Alexander"]
[Result "0-1"]
[WhiteElo "1371"]
[BlackElo "1833"]
[PlyCount "160"]
[EventDate "2021.02.20"]

1. e4 e6 2. Qe2 Be7 3. Nf3 d5 4. d3 Nf6 5. g3 c5 6. Bg2 Nc6 7. O-O b6 8. h4 Bb7
9. e5 Nd7 10. c4 d4 11. Bf4 Qc7 12. Na3 O-O-O 13. Nb5 Qb8 14. Bg5 f6 15. exf6
gxf6 16. Bh6 e5 17. Bh3 a6 18. Na3 Ba8 19. Nc2 Qb7 20. Bf5 Bf8 21. Bxf8 Rdxf8
22. Kh2 Ne7 23. Be4 Qb8 24. Bxa8 Qxa8 25. b4 Kc7 26. a4 a5 27. bxc5 bxc5 28.
Na3 Nc6 29. Nb5+ Kb6 30. Rab1 Nb4 31. Rfe1 Qc6 32. Rbd1 Rf7 33. Ng1 Re8 34. f3
f5 35. Nh3 h6 36. Qg2 Nf6 37. Nf2 Rfe7 38. g4 fxg4 39. fxg4 Qxg2+ 40. Kxg2 Nc2
41. Nd6 Nxe1+ 42. Rxe1 Rg8 43. Nf5 Rh7 44. Kf3 Nd7 45. h5 Kc6 46. Ne4 Rb8 47.
g5 hxg5 48. Kg4 Rbh8 49. h6 Rxh6 50. Nxh6 Rxh6 51. Nxg5 Rh2 52. Ra1 Rd2 53. Ra3
e4 54. Nxe4 Rxd3 55. Ra2 Ne5+ 56. Kf4 Ng6+ 57. Kf5 Nh4+ 58. Kf4 Rf3+ 59. Kg4
Re3 60. Ng5 Ng6 61. Rh2 Ne5+ 62. Kf5 Nxc4 63. Rh6+ Kd5 64. Kf4 Re1 65. Rh5 Kc6
66. Nf3 Re6 67. Rh2 Rf6+ 68. Kg3 Nb6 69. Ne5+ Kd5 70. Nd3 Nxa4 71. Ra2 Nc3 72.
Rxa5 Ne4+ 73. Kg2 Kc4 74. Ra3 Nc3 75. Ne5+ Kd5 76. Nd3 c4 77. Ra5+ Ke4 78. Nf2+
Rxf2+ 79. Kxf2 d3 80. Rc5 Kd4 0-1

[Event "Moscow-Open 2021_A"]
[Site "Moscow"]
[Date "2021.02.22"]
[Round "3.67"]
[White "Ivannikov, Maksim"]
[Black "Sviridov, Vladislav"]
[Result "1-0"]
[WhiteElo "1763"]
[BlackElo "2123"]
[PlyCount "61"]
[EventDate "2021.02.20"]

1. e4 e6 2. d4 d5 3. Nd2 Nf6 4. e5 Nfd7 5. Bd3 c5 6. c3 Nc6 7. Ngf3 Qb6 8. O-O
cxd4 9. cxd4 Nxd4 10. Nxd4 Qxd4 11. Nf3 Qb6 12. Qa4 a6 13. Be3 Qd8 14. Qc2 g6
15. Rac1 Bg7 16. Bg5 f6 17. exf6 Bxf6 18. Bh6 Kf7 19. Rfe1 Re8 20. Qb3 Qb6 21.
Qa4 e5 22. Rxc8 Raxc8 23. Qxd7+ Re7 24. Qxc8 e4 25. Qf8+ Ke6 26. Qg8+ Rf7 27.
Bxe4 dxe4 28. Rxe4+ Kd5 29. Qxf7+ Kxe4 30. Qc4+ Kf5 31. g4# 1-0

[Event "Moscow-Open 2021_A"]
[Site "Moscow"]
[Date "2021.02.22"]
[Round "3.68"]
[White "Zverev, Lev"]
[Black "Efimov, Leonid"]
[Result "1-0"]
[WhiteElo "1987"]
[BlackElo "1764"]
[PlyCount "101"]
[EventDate "2021.02.20"]

1. e4 c5 2. Nf3 Nc6 3. d4 cxd4 4. Nxd4 g6 5. Nc3 Bg7 6. Be3 Nf6 7. Bc4 d6 8. f3
Qb6 9. Nf5 Qxb2 10. Nxg7+ Kf8 11. Bd2 Kxg7 12. O-O Qa3 13. Kh1 Qc5 14. Bd3 Ne5
15. Rb1 b6 16. Ne2 Be6 17. a4 Rhc8 18. Ba6 Rc7 19. Nd4 Kg8 20. Bb4 Bc4 21. Bxc5
Bxa6 22. Bxd6 exd6 23. Nb5 Bxb5 24. Rxb5 Nc4 25. Qd4 Nd7 26. Rb3 Rac8 27. Rc3
Nf8 28. f4 Rc5 29. f5 Nd7 30. Qf2 Rf8 31. Qf4 Nce5 32. Rxc5 bxc5 33. f6 Rb8 34.
h3 Nf8 35. Rd1 Ne6 36. Qg3 Rd8 37. Qe3 Nc6 38. c3 Ne5 39. Rd5 Nc7 40. Qh6 Ne8
41. Qf4 Rc8 42. Rxe5 dxe5 43. Qxe5 h5 44. Qe7 a5 45. e5 Nc7 46. Qd7 Rb8 47.
Qxc7 Rb1+ 48. Kh2 g5 49. e6 g4 50. Qxf7+ Kh8 51. Qg7# 1-0

[Event "Moscow-Open 2021_A"]
[Site "Moscow"]
[Date "2021.02.22"]
[Round "3.69"]
[White "Pestryakov, Nikita"]
[Black "Ryabov, Georgi"]
[Result "1-0"]
[WhiteElo "1978"]
[BlackElo "1751"]
[PlyCount "89"]
[EventDate "2021.02.20"]

1. e4 c5 2. c3 d5 3. exd5 Qxd5 4. d4 cxd4 5. cxd4 Nc6 6. Nf3 e6 7. Nc3 Qd8 8.
Bc4 Nf6 9. O-O Be7 10. Bf4 Nb4 11. Ne5 O-O 12. Bg5 Nbd5 13. Re1 a6 14. a4 Re8
15. Qf3 Nb6 16. Bd3 Qxd4 17. Rad1 Qb4 18. Bxh7+ Kf8 19. Bb1 Nc4 20. Qh3 Nxe5
21. Qh8+ Ng8 22. Bxe7+ Kxe7 23. Rxe5 Nf6 24. Qxg7 Bd7 25. Rxd7+ Kxd7 26. Qxf6
Qe7 27. Qxe7+ Rxe7 28. h4 Rd8 29. g3 Kc7 30. h5 Rh8 31. g4 Rd7 32. Rg5 Kd6 33.
Kg2 Ke7 34. Be4 Rc7 35. Bf3 b6 36. Re5 Rd7 37. Re2 Kf6 38. Kg3 Kg7 39. g5 Rd4
40. a5 bxa5 41. Re5 Rb4 42. h6+ Kg6 43. Be4+ f5 44. Rxe6+ Kxg5 45. f4+ 1-0

[Event "Moscow-Open 2021_A"]
[Site "Moscow"]
[Date "2021.02.22"]
[Round "3.70"]
[White "Maslovskiy, Vladimir"]
[Black "Shakhov, Dmitriy"]
[Result "0-1"]
[WhiteElo "1959"]
[BlackElo "1738"]
[PlyCount "84"]
[EventDate "2021.02.20"]

1. e4 c5 2. Nc3 Nc6 3. g3 g6 4. Bg2 Bg7 5. d3 d6 6. Be3 e6 7. Qd2 Qa5 8. f4
Nge7 9. Nf3 Nd4 10. O-O O-O 11. Nd5 Nec6 12. Ne7+ Kh8 13. Qxa5 Nxa5 14. Nxd4
cxd4 15. Bd2 Nc6 16. Nxc6 bxc6 17. b3 Bd7 18. g4 f5 19. exf5 gxf5 20. Bb4 fxg4
21. Bxd6 Rf7 22. h3 gxh3 23. Bxh3 Bf8 24. Be5+ Bg7 25. Rae1 Rg8 26. Kh2 Bxe5
27. Rxe5 Rg6 28. Re4 Rh6 29. Rf3 c5 30. Re5 Rf5 31. Rxf5 exf5 32. Rf2 Re6 33.
Bg2 Re1 34. Bd5 Kg7 35. Rg2+ Kf6 36. Kg3 Be8 37. Bf3 Bf7 38. Rd2 Ra1 39. a4 Re1
40. Kf2 Re3 41. Rd1 Rxf3+ 42. Kxf3 Bh5+ 0-1

[Event "Moscow-Open 2021_A"]
[Site "Moscow"]
[Date "2021.02.22"]
[Round "3.71"]
[White "Ponomarev, Andrey A."]
[Black "Meydi, Igor"]
[Result "0-1"]
[WhiteElo "1893"]
[BlackElo "1678"]
[PlyCount "61"]
[EventDate "2021.02.20"]

1. e4 e5 2. Nf3 Nc6 3. d4 exd4 4. Nxd4 Nf6 5. Nxc6 bxc6 6. e5 Qe7 7. Qe2 Nd5 8.
c4 Ba6 9. b3 g6 10. g3 Bg7 11. Bb2 O-O 12. Bg2 Rfe8 13. O-O Bxe5 14. Bxe5 Qxe5
15. Qxe5 Rxe5 16. cxd5 Bxf1 17. Kxf1 cxd5 18. Na3 c6 19. Nc2 Rae8 20. Bf3 f5
21. Ne1 R5e7 22. Nd3 Rb8 23. Rc1 Rb6 24. Nc5 Kf7 25. Na4 Rb8 26. Nb2 Ke6 27.
Rc5 Rb6 28. Ra5 d6 29. Nd3 g5 30. h3 Rc7 31. Nb2 0-1

[Event "Moscow-Open 2021_A"]
[Site "Moscow"]
[Date "2021.02.22"]
[Round "3.72"]
[White "Korovko, Iakov"]
[Black "Pranizin, Evgeny"]
[Result "0-1"]
[WhiteElo "1606"]
[BlackElo "1850"]
[PlyCount "104"]
[EventDate "2021.02.20"]

1. e4 e5 2. Nf3 Nc6 3. Bc4 Nf6 4. d3 d5 5. exd5 Nxd5 6. O-O Bc5 7. Re1 O-O 8.
Bg5 f6 9. Nc3 Be6 10. Bh4 Qd7 11. d4 Nxc3 12. Bxe6+ Qxe6 13. bxc3 Rad8 14. Qe2
Bd6 15. dxe5 Bxe5 16. Nxe5 Nxe5 17. f4 Qg4 18. fxe5 Qxh4 19. e6 Rfe8 20. e7 Rd6
21. Rad1 Rxd1 22. Rxd1 Kf7 23. Re1 g6 24. Qe6+ Kg7 25. Re3 Qg5 26. Kf2 Qh4+ 27.
Ke2 Qxh2 28. Qe4 c6 29. Kf1 Qd6 30. a4 Qc5 31. Kg1 f5 32. Qe6 f4 33. Qe5+ Qxe5
34. Rxe5 Kf6 35. Re4 g5 36. Kf2 Rxe7 37. Rd4 Kf5 38. Rb4 Rd7 39. Ke2 h5 40. a5
a6 41. c4 g4 42. c5 h4 43. c4 g3 44. Rb3 Kg4 45. Rf3 Re7+ 46. Kf1 h3 47. Rd3
hxg2+ 48. Kxg2 f3+ 49. Kf1 g2+ 50. Kf2 Re2+ 51. Kg1 Re1+ 52. Kf2 g1=Q# 0-1

[Event "Moscow-Open 2021_A"]
[Site "Moscow"]
[Date "2021.02.22"]
[Round "3.73"]
[White "Vershinin, Igor"]
[Black "Lebedev, Artem S."]
[Result "1-0"]
[WhiteElo "1835"]
[BlackElo "1623"]
[PlyCount "103"]
[EventDate "2021.02.20"]

1. e4 e5 2. Nf3 Nc6 3. Bb5 a6 4. Ba4 Nf6 5. O-O Be7 6. Re1 b5 7. Bb3 d6 8. c3
O-O 9. h3 Na5 10. Bc2 c5 11. d4 Qc7 12. d5 c4 13. Nbd2 Nb7 14. Nf1 Re8 15. Ng3
Nc5 16. Be3 Bd7 17. Qd2 Rec8 18. Red1 Qb7 19. b4 cxb3 20. axb3 a5 21. Bxc5 Rxc5
22. b4 axb4 23. cxb4 Rcc8 24. Bd3 Bd8 25. Kh2 Ra7 26. Rac1 Rca8 27. Rc2 Ra3 28.
Rb1 Qa7 29. Qe2 g6 30. Bxb5 Bxb5 31. Qxb5 Ra2 32. Qe2 Rxc2 33. Qxc2 Bb6 34. Rb2
Qa6 35. Qc6 Ne8 36. Rc2 Qa7 37. Ne1 Rb8 38. Nd3 Qa1 39. Qc3 Qa6 40. Qc4 Qa3 41.
Ra2 Rc8 42. Qxc8 Qxa2 43. Qxe8+ Kg7 44. Qc6 Bxf2 45. Nxf2 Qxf2 46. Qxd6 Qf4 47.
Qe7 h5 48. h4 Kh8 49. d6 f6 50. d7 Qxh4+ 51. Kg1 Qxg3 52. d8=R# 1-0

[Event "Moscow-Open 2021_A"]
[Site "Moscow"]
[Date "2021.02.22"]
[Round "3.74"]
[White "Pereverzev, Timofei"]
[Black "Andreev, Konstantin"]
[Result "0-1"]
[WhiteElo "1506"]
[BlackElo "1819"]
[PlyCount "78"]
[EventDate "2021.02.20"]

1. c4 e6 2. g3 Nf6 3. Bg2 d5 4. Nf3 Be7 5. O-O O-O 6. b3 c5 7. cxd5 Nxd5 8. Bb2
Bf6 9. Nc3 Nc6 10. Qb1 Nc7 11. Ne4 Bxb2 12. Qxb2 b6 13. e3 f5 14. Nc3 e5 15.
Rfd1 Qf6 16. e4 f4 17. Rac1 Bg4 18. Rf1 Bxf3 19. Bxf3 Nd4 20. Bg4 f3 21. h4 h5
22. Bh3 Ne2+ 23. Kh2 Nxc1 24. Rxc1 Rad8 25. b4 Rd4 26. bxc5 bxc5 27. Bf1 g5 28.
Qb7 Rf7 29. Rb1 gxh4 30. Qc8+ Rd8 31. Qh3 hxg3+ 32. Qxg3+ Rg7 33. Bc4+ Kh8 34.
Qh3 Qf4+ 35. Kh1 Rg4 36. Nd5 Qg5 37. Ne7 Rh4 38. Ng6+ Qxg6 39. Rg1 Rxh3# 0-1

[Event "Moscow-Open 2021_A"]
[Site "Moscow"]
[Date "2021.02.22"]
[Round "3.75"]
[White "Galiev, Ernest"]
[Black "Kleimenov, Nikolay"]
[Result "0-1"]
[WhiteElo "1807"]
[BlackElo "1600"]
[PlyCount "80"]
[EventDate "2021.02.20"]

1. d4 Nf6 2. c4 c5 3. d5 b5 4. Nd2 d6 5. e4 b4 6. b3 g6 7. Bb2 Bg7 8. Qc2 O-O
9. Bd3 e5 10. dxe6 Bxe6 11. Ngf3 Nc6 12. O-O Nd7 13. Rfe1 Bxb2 14. Qxb2 Nde5
15. Bf1 Qf6 16. Rab1 Bg4 17. Kh1 Qf4 18. Nxe5 dxe5 19. f3 Rfd8 20. Rbd1 Be6 21.
g3 Qg5 22. Bg2 h5 23. Nf1 h4 24. Kg1 a5 25. Qf2 h3 26. Bh1 Nd4 27. Rd3 a4 28.
Red1 axb3 29. axb3 Nxb3 30. Ne3 Rxd3 31. Rxd3 Ra1+ 32. Rd1 Rxd1+ 33. Nxd1 Qc1
34. Qe1 Bxc4 35. Kf2 Qc2+ 36. Kg1 Nd4 37. Ne3 Qe2 38. Qc1 Nb3 39. Qxc4 Qxe3+
40. Kf1 Nd2# 0-1

[Event "Moscow-Open 2021_A"]
[Site "Moscow"]
[Date "2021.02.22"]
[Round "3.76"]
[White "Arutyunova, Yuliya"]
[Black "Silenko, Alexey"]
[Result "1/2-1/2"]
[WhiteElo "1802"]
[BlackElo "1561"]
[PlyCount "178"]
[EventDate "2021.02.20"]

1. b3 b6 2. Bb2 Bb7 3. c4 c5 4. Nc3 e6 5. d3 Nf6 6. Nf3 d5 7. e3 Nc6 8. cxd5
exd5 9. d4 Be7 10. Be2 O-O 11. O-O cxd4 12. Nxd4 Nxd4 13. Qxd4 Bc5 14. Qh4 Be7
15. Qg3 Bd6 16. Qg5 h6 17. Qf5 a6 18. Rfd1 Qe7 19. a4 Rfd8 20. Bf3 Qe6 21. Qd3
Ne4 22. Ne2 Ng5 23. Bh5 Nh3+ 24. Kf1 Ng5 25. Qd4 f6 26. Bg4 Qf7 27. f4 Bc5 28.
Qd3 Ne4 29. Nd4 Bxd4 30. Qxd4 Nc5 31. Qb4 Rd6 32. a5 f5 33. Bf3 Rc8 34. axb6
Qe6 35. Qd4 Rd7 36. Rac1 Qxb6 37. Ba3 Rdc7 38. Bxd5+ Bxd5 39. Qxd5+ Kh8 40.
Qxf5 Qxb3 41. Bxc5 Rxc5 42. Rd8+ Rxd8 43. Qxc5 Qd3+ 44. Kf2 Qd2+ 45. Kf3 a5 46.
Qc3 Qd5+ 47. Kg3 a4 48. Ra1 Rd6 49. Qc8+ Kh7 50. Kf2 Rc6 51. Qg4 Rc2+ 52. Kg1
Qe4 53. Qf3 Qd3 54. Rd1 Qc4 55. Qf1 Qxf1+ 56. Rxf1 a3 57. Ra1 a2 58. h3 Kg6 59.
e4 h5 60. h4 Kf6 61. Kh2 Ke6 62. Kg3 Kd6 63. e5+ Ke6 64. Rd1 Rb2 65. Rd6+ Kf5
66. Ra6 Rb3+ 67. Kh2 Rb2 68. e6 Re2 69. e7 Rxe7 70. Rxa2 Kxf4 71. Rf2+ Kg4 72.
g3 Re4 73. Kg2 Ra4 74. Rc2 Rd4 75. Kf2 Ra4 76. Rb2 Ra3 77. Rb4+ Kh3 78. Rb5
Rxg3 79. Rxh5 Rg6 80. Kf3 Rf6+ 81. Ke4 g6 82. Rh6 Kg4 83. Ke5 Ra6 84. Kd5 Kf4
85. Rh8 Ra5+ 86. Ke6 Kg4 87. Kf6 Rh5 88. Rg8 Rxh4 89. Rxg6+ Kf4 1/2-1/2

[Event "Moscow-Open 2021_A"]
[Site "Moscow"]
[Date "2021.02.22"]
[Round "3.77"]
[White "Teymurkhanly, Teymur"]
[Black "Davidyan, Vladimir"]
[Result "1-0"]
[WhiteElo "1799"]
[BlackElo "1427"]
[PlyCount "119"]
[EventDate "2021.02.20"]

1. d4 d5 2. Bf4 Nf6 3. e3 c5 4. c3 Nc6 5. Nf3 Qb6 6. Qb3 c4 7. Qxb6 axb6 8. Na3
Bf5 9. Nb5 Ra5 10. a4 e6 11. Be2 Be7 12. Ne5 O-O 13. Bd1 Rc8 14. f3 Na7 15.
Nxa7 Rxa7 16. g4 Bg6 17. Rc1 b5 18. axb5 Ra2 19. Nxg6 fxg6 20. Rb1 Rca8 21. b3
Nd7 22. bxc4 Bh4+ 23. Bg3 Bxg3+ 24. hxg3 dxc4 25. O-O Nb6 26. Rf2 Nd5 27. e4
Nxc3 28. Rc1 Ra1 29. Rxc3 Rxd1+ 30. Rf1 Rxd4 31. Rfc1 Ra4 32. Kf2 Kf7 33. e5 g5
34. Ke3 Rd5 35. f4 gxf4+ 36. gxf4 g5 37. Rxc4 gxf4+ 38. Kxf4 Rxc4+ 39. Rxc4
Rxb5 40. Rc7+ Kg6 41. Re7 Rb4+ 42. Kg3 Re4 43. Rxe6+ Kg5 44. Re7 Rxg4+ 45. Kf3
Rf4+ 46. Ke3 Rf1 47. Rg7+ Kh6 48. Rg2 Rf7 49. Ke4 Rg7 50. Rf2 Kg6 51. e6 h5 52.
Ke5 Rh7 53. Rg2+ Kh6 54. Kf6 h4 55. Rg8 b5 56. e7 Rxe7 57. Kxe7 b4 58. Kf6 Kh5
59. Kf5 Kh6 60. Rh8+ 1-0

[Event "Moscow-Open 2021_A"]
[Site "Moscow"]
[Date "2021.02.22"]
[Round "3.78"]
[White "Novozhilov, Semen"]
[Black "Yurasov, Matfey"]
[Result "1/2-1/2"]
[WhiteElo "1788"]
[BlackElo "1402"]
[PlyCount "124"]
[EventDate "2021.02.20"]

1. d4 e6 2. Nf3 f5 3. c4 Nf6 4. Qc2 Be7 5. Nc3 b6 6. e3 Bb7 7. Nd2 O-O 8. f3 d6
9. Bd3 g6 10. O-O c5 11. d5 exd5 12. cxd5 Nbd7 13. Nc4 Nxd5 14. Qb3 Kh8 15.
Nxd6 Bxd6 16. Nxd5 Ne5 17. Be2 c4 18. Bxc4 Nxc4 19. Qxc4 Bxd5 20. Qd4+ Qf6 21.
Qxd5 Rad8 22. Qb5 Bc5 23. b4 Qxa1 24. bxc5 Qxa2 25. Bb2+ Kg8 26. Ra1 Qe6 27. e4
fxe4 28. Rxa7 Rf7 29. Rxf7 Qxf7 30. Qxb6 Re8 31. Qd6 exf3 32. Qd4 f2+ 33. Qxf2
Qxf2+ 34. Kxf2 Kf7 35. Bc1 Ke6 36. Bf4 Kd5 37. Bd6 Re6 38. Kf3 Rf6+ 39. Kg4 Rf2
40. Kg5 Rf5+ 41. Kh4 h6 42. g4 Rf2 43. Kg3 Rf7 44. h4 Ke4 45. c6 Rf3+ 46. Kg2
Rc3 47. c7 h5 48. gxh5 gxh5 49. Kf2 Kf5 50. Ke2 Kg4 51. Kd2 Rc6 52. Ke3 Kf5 53.
Bg3 Ke6 54. Kf2 Rc3 55. Ke2 Kf5 56. Kd2 Rc6 57. Ke3 Ke6 58. Kd4 Rc1 59. Ke4 Kd7
60. Kf3 Rc3+ 61. Kf2 Kc8 62. Kg2 Kb7 1/2-1/2

[Event "Moscow-Open 2021_A"]
[Site "Moscow"]
[Date "2021.02.22"]
[Round "3.79"]
[White "Karapetyan, Alexander"]
[Black "Bogov, Khetag"]
[Result "1-0"]
[WhiteElo "1782"]
[BlackElo "1263"]
[PlyCount "51"]
[EventDate "2021.02.20"]

1. e4 e5 2. Nf3 d6 3. d4 exd4 4. Nxd4 Nf6 5. Nc3 Be7 6. Bf4 O-O 7. Qd2 Nc6 8.
O-O-O Nxd4 9. Qxd4 Be6 10. Kb1 a6 11. f3 b5 12. Nd5 Bxd5 13. exd5 Nd7 14. h4
Bf6 15. Qf2 Nb6 16. g4 b4 17. g5 Be5 18. Bc1 g6 19. f4 Bg7 20. f5 f6 21. h5
fxg5 22. hxg6 Qf6 23. Rxh7 Qxf5 24. Qh2 Qf6 25. Rh8+ Bxh8 26. Qh7# 1-0

[Event "Moscow-Open 2021_A"]
[Site "Moscow"]
[Date "2021.02.22"]
[Round "3.80"]
[White "Talalov, Anton"]
[Black "Khiryaev, Adam"]
[Result "1-0"]
[WhiteElo "1766"]
[BlackElo "1229"]
[PlyCount "73"]
[EventDate "2021.02.20"]

1. e4 c5 2. Nf3 Nc6 3. d4 cxd4 4. Nxd4 Nf6 5. Nc3 e5 6. Ndb5 d6 7. Bg5 a6 8.
Na3 b5 9. Nd5 Be7 10. Bxf6 Bxf6 11. c4 b4 12. Nc2 O-O 13. Ncxb4 Nxb4 14. Nxb4
Rb8 15. Nc6 Qc7 16. Nxb8 Qxb8 17. Qd2 h6 18. Be2 Bg5 19. Qc3 Bb7 20. Bf3 f5 21.
exf5 Bxf3 22. Qxf3 Qxb2 23. O-O Kh8 24. Qd3 Qb6 25. Rab1 Qc7 26. Rfd1 Qf7 27.
Qe4 Be7 28. Rb6 Qh5 29. Rdb1 Qf7 30. Rxa6 g6 31. Ra8 Bd8 32. Rb7 Qf6 33. Raa7
Be7 34. Rxe7 Rb8 35. Rh7+ Kg8 36. Qd5+ Kf8 37. Rh8+ 1-0

[Event "Moscow-Open 2021_A"]
[Site "Moscow"]
[Date "2021.02.23"]
[Round "4.7"]
[White "Afanasiev, Nikita"]
[Black "Zhukov, Anton"]
[Result "1-0"]
[WhiteElo "2519"]
[BlackElo "2237"]
[PlyCount "59"]
[EventDate "2021.02.20"]

1. Nf3 Nf6 2. g3 g6 3. Bg2 Bg7 4. O-O O-O 5. d4 d6 6. a4 a5 7. Re1 Nbd7 8. e4
e5 9. Nc3 c6 10. h3 Qc7 11. Be3 Rd8 12. d5 b6 13. Nd2 Bb7 14. Ra3 h6 15. g4 Kh7
16. Nf1 Nc5 17. Ng3 Qd7 18. Re2 cxd5 19. exd5 Ne8 20. Re1 Nc7 21. h4 Qe7 22. h5
Qh4 23. g5 hxg5 24. hxg6+ fxg6 25. Nce4 Bh6 26. Nf6+ Kg7 27. Bxc5 bxc5 28. Re4
g4 29. Rxg4 Qxf6 30. Nh5+ 1-0

[Event "Moscow-Open 2021_A"]
[Site "Moscow"]
[Date "2021.02.23"]
[Round "4.8"]
[White "Tsoi, Dmitry"]
[Black "Lobanov, Sergei"]
[Result "1/2-1/2"]
[WhiteElo "2334"]
[BlackElo "2516"]
[PlyCount "82"]
[EventDate "2021.02.20"]

1. f4 d5 2. Nf3 Nf6 3. e3 c5 4. d4 Nc6 5. c3 Bf5 6. Bd3 Bxd3 7. Qxd3 e6 8. O-O
Bd6 9. Ne5 Rc8 10. Nd2 O-O 11. Qe2 Ne7 12. a3 Bb8 13. Nd3 b6 14. g4 Ne4 15. Kh1
Kh8 16. Qg2 f5 17. Rg1 Nxd2 18. Bxd2 fxg4 19. Qxg4 Nf5 20. b4 Bd6 21. Nc1 cxb4
22. axb4 a5 23. bxa5 bxa5 24. Ne2 Qc7 25. Ng3 Ra8 26. Ra4 g6 27. Rga1 Rfb8 28.
Nxf5 gxf5 29. Qh4 Rb2 30. Be1 Qg7 31. Qg3 Re2 32. Rxa5 Rxa5 33. Rxa5 Qxg3 34.
Bxg3 Rxe3 35. Ra6 Be7 36. Ra8+ Kg7 37. Ra7 Kf8 38. Ra8+ Kf7 39. Ra7 Ke8 40.
Ra8+ Kd7 41. Ra7+ Ke8 1/2-1/2

[Event "Moscow-Open 2021_A"]
[Site "Moscow"]
[Date "2021.02.23"]
[Round "4.9"]
[White "Maiorov, Nikita"]
[Black "Assaubayeva, Bibisara"]
[Result "1-0"]
[WhiteElo "2495"]
[BlackElo "2378"]
[PlyCount "65"]
[EventDate "2021.02.20"]

1. d4 Nf6 2. c4 c5 3. d5 g6 4. Nc3 Bg7 5. e4 d6 6. h3 O-O 7. Nf3 Na6 8. Bd3 Nc7
9. O-O e5 10. Bg5 h6 11. Bd2 Nh5 12. Bc2 Nf4 13. Kh2 g5 14. Ng1 Ne8 15. Nge2 a6
16. Ng3 g4 17. Nf5 Bxf5 18. exf5 h5 19. hxg4 Qh4+ 20. Kg1 Nf6 21. g3 Qh3 22.
Qf3 hxg4 23. Qh1 Qxh1+ 24. Kxh1 N4h5 25. Kg2 Ne8 26. a4 Nhf6 27. Rh1 Nc7 28. a5
Rab8 29. Bg5 e4 30. Bxf6 Bxf6 31. Nxe4 Kg7 32. Nxf6 Kxf6 33. Rh6+ 1-0

[Event "Moscow-Open 2021_A"]
[Site "Moscow"]
[Date "2021.02.23"]
[Round "4.10"]
[White "Maltsevskaya, Aleksandra"]
[Black "Nesterov, Arseniy"]
[Result "1-0"]
[WhiteElo "2327"]
[BlackElo "2476"]
[PlyCount "85"]
[EventDate "2021.02.20"]

1. e4 e6 2. d4 d5 3. Bd3 dxe4 4. Bxe4 Nf6 5. Bd3 c5 6. c3 cxd4 7. cxd4 Be7 8.
Nf3 O-O 9. Nc3 b6 10. O-O Bb7 11. a3 Nbd7 12. Qe2 Nd5 13. Ne4 Qc7 14. Neg5 h6
15. Nh3 Rfd8 16. Bd2 N7f6 17. Rac1 Qd6 18. Ne5 Bf8 19. Rfe1 Rac8 20. Rcd1 Ba8
21. Bb1 a5 22. Qd3 Ne7 23. Ng4 Nf5 24. Nxf6+ gxf6 25. Nf4 Qxd4 26. Qe2 Qc4 27.
Qg4+ Ng7 28. Bc3 f5 29. Qg3 Rxd1 30. Rxd1 Qc7 31. Qh4 Ne8 32. Nh5 Qe7 33. Qd4
f6 34. Qxb6 Qf7 35. Nf4 Ng7 36. Ba2 Bc5 37. Qxa5 Qb7 38. Qa4 Qb6 39. Qd7 Bxf2+
40. Kf1 Qc6 41. Qe7 Qe4 42. Qxf6 Rxc3 43. Rd8+ 1-0

[Event "Moscow-Open 2021_A"]
[Site "Moscow"]
[Date "2021.02.23"]
[Round "4.11"]
[White "Lazavik, Denis"]
[Black "Thing, Bibek"]
[Result "1/2-1/2"]
[WhiteElo "2442"]
[BlackElo "2222"]
[PlyCount "69"]
[EventDate "2021.02.20"]

1. d4 d5 2. c4 c6 3. Nf3 Nf6 4. e3 e6 5. b3 Nbd7 6. Bd3 dxc4 7. bxc4 e5 8. Qc2
Bb4+ 9. Bd2 Bxd2+ 10. Nbxd2 exd4 11. exd4 Qe7+ 12. Be2 O-O 13. O-O c5 14. Rfe1
cxd4 15. Nxd4 Nc5 16. Bf3 Qd8 17. N2b3 Nxb3 18. Nxb3 Qc7 19. c5 Bg4 20. Qc3
Rfe8 21. h3 Bxf3 22. Qxf3 h6 23. Rac1 Rxe1+ 24. Rxe1 Re8 25. Rxe8+ Nxe8 26. Nd2
Nf6 27. Ne4 Nxe4 28. Qxe4 Qxc5 29. Qxb7 Qc1+ 30. Kh2 Qf4+ 31. Kg1 Qc1+ 32. Kh2
Qf4+ 33. Kg1 Qc1+ 34. Kh2 Qf4+ 35. Kg1 1/2-1/2

[Event "Moscow-Open 2021_A"]
[Site "Moscow"]
[Date "2021.02.23"]
[Round "4.12"]
[White "Ibadov, Dashgyn"]
[Black "Badelka, Olga"]
[Result "1/2-1/2"]
[WhiteElo "2282"]
[BlackElo "2428"]
[PlyCount "93"]
[EventDate "2021.02.20"]

1. e4 e6 2. d4 d5 3. Nc3 Nf6 4. e5 Nfd7 5. Nce2 c5 6. c3 Nc6 7. Nf3 Be7 8. a3
O-O 9. g3 a5 10. h4 b6 11. Nf4 Re8 12. Bd3 Nf8 13. Ng5 g6 14. Be3 Ba6 15. Bb1
cxd4 16. cxd4 Qd7 17. Qg4 f5 18. exf6 Bxf6 19. h5 e5 20. Nxh7 Bg7 21. Qxd7 Nxd7
22. dxe5 Ndxe5 23. hxg6 d4 24. Ba2+ Bc4 25. Bxc4+ Nxc4 26. Nd5 dxe3 27. Ndf6+
Bxf6 28. Nxf6+ Kg7 29. Nxe8+ Rxe8 30. b3 Nd2 31. fxe3 Nxb3 32. Rd1 Rxe3+ 33.
Kf2 Re6 34. Rhe1 Rf6+ 35. Kg2 Kxg6 36. Re4 Nc5 37. Rg4+ Kf7 38. Rf4 Rxf4 39.
gxf4 Kg6 40. f5+ Kxf5 41. Rd6 Ne5 42. Rxb6 a4 43. Kf2 Ke4 44. Rd6 Nc4 45. Rd8
Nxa3 46. Ra8 Nc4 47. Rxa4 1/2-1/2

[Event "Moscow-Open 2021_A"]
[Site "Moscow"]
[Date "2021.02.23"]
[Round "4.13"]
[White "Parpiev, Isaak"]
[Black "Kardashevskiy, Evgeny"]
[Result "1/2-1/2"]
[WhiteElo "1790"]
[BlackElo "2427"]
[PlyCount "95"]
[EventDate "2021.02.20"]

1. e4 e5 2. Nf3 Nf6 3. Nxe5 d6 4. Nf3 Nxe4 5. Nc3 Nxc3 6. dxc3 Be7 7. Bf4 Nd7
8. Qd2 Nc5 9. O-O-O Bg4 10. Be2 Qd7 11. h3 Be6 12. c4 O-O 13. Nd4 Bf6 14. g4
Rfe8 15. Nxe6 Rxe6 16. Be3 Qa4 17. a3 Rae8 18. Bd3 Ne4 19. Qb4 Qc6 20. Qb5 Bg5
21. Bxg5 Qxb5 22. cxb5 Nxg5 23. Bc4 Rf6 24. Bd5 b6 25. Rde1 Kf8 26. Rxe8+ Kxe8
27. Re1+ Kd8 28. Bc6 Re6 29. Rxe6 Nxe6 30. Be4 Ke7 31. Kd2 Kf6 32. Ke3 Ke5 33.
c4 Nf4 34. Bxh7 Nxh3 35. Bc2 Nf4 36. Be4 g5 37. Bf3 f6 38. Be4 Ne6 39. Bf3 Nd4
40. Be4 Nb3 41. Bf3 Na5 42. Bd5 Nb3 43. Bf3 Nc5 44. Bd5 f5 45. gxf5 Kxf5 46.
Bf3 Ke5 47. Bh5 Ne6 48. Bf3 1/2-1/2

[Event "Moscow-Open 2021_A"]
[Site "Moscow"]
[Date "2021.02.23"]
[Round "4.14"]
[White "Yakimenko, Alexander A"]
[Black "Korchmar, Vasiliy"]
[Result "0-1"]
[WhiteElo "2122"]
[BlackElo "2451"]
[PlyCount "114"]
[EventDate "2021.02.20"]

1. e4 c5 2. Nf3 e6 3. b3 a6 4. Bb2 Nc6 5. g3 d5 6. exd5 exd5 7. Bg2 Qe7+ 8. Qe2
Nb4 9. Qxe7+ Nxe7 10. Kd1 Bf5 11. d3 c4 12. bxc4 dxc4 13. Ne5 cxd3 14. cxd3 f6
15. a3 Nxd3 16. Nxd3 Bxd3 17. Nd2 O-O-O 18. Rc1+ Kb8 19. Re1 Nc8 20. Re3 Bb5
21. Ke1 Nb6 22. Bf1 Bxf1 23. Nxf1 Na4 24. Ba1 Bc5 25. Rb3 Rhe8+ 26. Ne3 Bxe3
27. fxe3 b5 28. Ke2 Kb7 29. Rc2 Rc8 30. Rd2 Nc5 31. Rb1 Re7 32. Bd4 Ne4 33.
Rdb2 Rc4 34. Ra1 Nc3+ 35. Kd3 Ne4 36. a4 Nc5+ 37. Bxc5 Rxc5 38. Rb4 Rd5+ 39.
Rd4 Red7 40. Ke4 f5+ 41. Kd3 g5 42. Rb1 Kb6 43. axb5 axb5 44. Rf1 Rxd4+ 45.
exd4 Rf7 46. Re1 f4 47. Re6+ Ka5 48. Ke2 b4 49. Re5+ Ka4 50. Rxg5 b3 51. Rg8
f3+ 52. Kf2 Rb7 53. Re8 h6 54. Re1 b2 55. Rb1 Rb3 56. d5 Ka3 57. d6 Rd3 0-1

[Event "Moscow-Open 2021_A"]
[Site "Moscow"]
[Date "2021.02.23"]
[Round "4.15"]
[White "Savitskiy, Sergey"]
[Black "Gorovenko, Darya"]
[Result "1-0"]
[WhiteElo "2427"]
[BlackElo "2106"]
[PlyCount "99"]
[EventDate "2021.02.20"]

1. e4 c5 2. Nf3 d6 3. d4 cxd4 4. Qxd4 a6 5. c4 Nc6 6. Qe3 g6 7. Be2 Bg7 8. O-O
Nf6 9. h3 O-O 10. Rd1 Nd7 11. Nc3 Nc5 12. Bd2 f5 13. exf5 gxf5 14. Qg5 f4 15.
Nd5 Ne4 16. Qh5 e6 17. Nc3 Nc5 18. Qg5 Qxg5 19. Nxg5 Nd4 20. Bg4 Nd3 21. Na4
Nc2 22. Nb6 Nxa1 23. Nxa8 Nc2 24. Bc3 Ne5 25. Bxe5 Bxe5 26. Nb6 Kh8 27. Nf3 Nb4
28. a3 Nc6 29. b4 Bb2 30. Rd3 h5 31. Bxh5 e5 32. Rxd6 Bxa3 33. Rh6+ Kg7 34.
Rg6+ Kh8 35. Nxc8 Rxc8 36. Ng5 Bxb4 37. Rh6+ Kg8 38. Bf7+ Kg7 39. Rh7+ Kf6 40.
Ne4+ Ke7 41. Bd5+ Kd8 42. Rxb7 a5 43. Ng5 Be7 44. Ne6+ Ke8 45. Ng7+ Kd8 46. Nf5
Bb4 47. Ng7 Be7 48. Ne6+ Ke8 49. Be4 Kf7 50. Bxc6 1-0